000 00523nam a2200181 a 4500
999 _c415
_d415
001 415
003 CDMR
005 20250203141737.0
008 130130s1980||||||||||||||||||||||||||||d
020 _a8430038922
040 _aCDMR
_bcat
_cCDMR
100 1 _aLópez De Zuazo Algar, Antonio
_9296
245 1 0 _aCatálogo de periodistas españoles del siglo XX
_c/ por Antonio López de Zuazo Algar
260 _aMadrid :
_bEl autor,
_c1980-81
300 _a719 p
650 0 4 _93726
_aPeriodistes
_zEspanya
_yS. XX
942 _cMON
_2udc